Air New Zealand Fleet - Statistics

General Stats
  • This quiz has been taken 14 times
    11 since last reset
  • The average score is 5 of 7
Answer Stats
In Service Aircraft % Correct
17 A320-200
90%
6 A320neo
90%
10 B777-300ER
80%
14 B787-9
80%
13 A321neo
70%
30 ATR 72-600
70%
23 Dash 8-300
40%
No matching quizzes found
Score Distribution
Percent of People with Each Score
Percentile by Number Answered
Your Score History
You have not taken this quiz since the last reset